| 000 | 00371nam a22001217a 4500 | ||
|---|---|---|---|
| 999 |
_c13672 _d13672 |
||
| 020 | _a9789697985197 | ||
| 082 | _a362.19 | ||
| 100 | _aYasmeen Qureshi ; Fatima Zehra Naqvi ; Syed Abbas Mehdi | ||
| 245 | _aFocus on the Education in Pakistan (January to June 2020) | ||
| 260 |
_aKarachi _bInstitute of Historical & Social Research _c2022 |
||
| 300 | _a56 pages | ||
| 942 | _cBK | ||